Southville International School and Colleges
Your cart is empty.
  • Cart
  • Lists
    Public lists Eva Luna New books Lux_list list_1
    Your lists Log in to create your own lists
  • Log in to your account
  • Your cookies
  • Search history
Southville International School and Colleges
  • Advanced search
  • Recent comments
  • Most popular
  • Libraries

Log in to your account

Log in with GOOGLE


If you do not have an external account, but do have a local account, you can still log in:

  1. Home
  2. MARC view: Hermie a common caterpillar /
Normal view MARC view ISBD view

Hermie a common caterpillar / (Record no. 292556)

[ view plain ]
MARC details
000 -LEADER
fixed length control field 00625nam a2200217Ia 4500
008 - FIXED-LENGTH DATA ELEMENTS--GENERAL INFORMATION
fixed length control field 160319s9999 xx 000 0 und d
245 ## - TITLE STATEMENT
Title Hermie a common caterpillar /
245 ## - TITLE STATEMENT
Statement of responsibility, etc Max Lucado; Tim Conway; Don Knotts; Tommy Nelson (Firm).
260 ## - PUBLICATION, DISTRIBUTION, ETC. (IMPRINT)
Name of publisher, distributor, etc Epiphany Video.
260 ## - PUBLICATION, DISTRIBUTION, ETC. (IMPRINT)
Date of publication, distribution, etc 2005
300 ## - PHYSICAL DESCRIPTION
Extent 1 videodisc (ca. 40 min.) :
300 ## - PHYSICAL DESCRIPTION
Other physical details sound., color ;
300 ## - PHYSICAL DESCRIPTION
Dimensions 4 3/4 in.
440 ## - SERIES STATEMENT/ADDED ENTRY--TITLE
Title Max Lucado's Hermie & friends.
650 ## - SUBJECT ADDED ENTRY--TOPICAL TERM
Topical term or geographic name as entry element Caterpillars --
650 ## - SUBJECT ADDED ENTRY--TOPICAL TERM
Topical term or geographic name as entry element Christian life --
650 ## - SUBJECT ADDED ENTRY--TOPICAL TERM
Topical term or geographic name as entry element Worms --
650 ## - SUBJECT ADDED ENTRY--TOPICAL TERM
General subdivision Juvenile drama.
650 ## - SUBJECT ADDED ENTRY--TOPICAL TERM
General subdivision Juvenile drama.
650 ## - SUBJECT ADDED ENTRY--TOPICAL TERM
General subdivision Juvenile drama.
Holdings
Withdrawn status Lost status Damaged status Home library Current library Date acquired Total Checkouts Barcode Date last seen Price effective from Koha item type
      Stonyhurst Southville International School (Batangas) Stonyhurst Southville International School (Batangas) 03/19/2016   AV-159 03/19/2016 03/19/2016 Audio Visual Materials

Hermie a common caterpillar /

APA

Hermie a common caterpillar. : Epiphany Video.

Chicago

Hermie a common caterpillar. : Epiphany Video.

Harvard

Hermie a common caterpillar. : Epiphany Video.

MLA

: Epiphany Video. .

  • Place hold
  • Print
  • Cite
  • Add to your cart (remove)
  • Save record
    BIBTEX Dublin Core MARCXML MARC (non-Unicode/MARC-8) MARC (Unicode/UTF-8) MARC (Unicode/UTF-8, Standard) MODS (XML) RIS
  • More searches
    Search for this title in:
    Other Libraries (WorldCat) Other Databases (Google Scholar) Online Stores (Bookfinder.com) Open Library (openlibrary.org)

Exporting to Dublin Core...

SOUTHVILLE LIBRARY

Southville International School and Colleges Library

1281 Tropical Ave. Cor. Luxembourg St., BF Homes International, Las Pinas City

Tel. No. 8256374 / 252358 Loc. 117/146

Powered by Koha